000
00304nam a2200145Ia 4500
100
_a
Gallian/ Joseph A
942
_c
BK
654
_a
mathematics
245
_a
Contemporary Abstract Algebra
260
_b
Narosa
_c
1998
082
_a
512.02
_b
GAL
300
_a
583
546
_a
ENGLISH
999
_c
34716
_d
34716